[Event "4NCL Division 3s"]
[Site "Daventry Court ENG"]
[Date "2014.02.16"]
[Round "6.105"]
[White "Taylor, Adam A"]
[Black "Maciol, Ryszard"]
[Result "1/2-1/2"]
[WhiteElo "1991"]
[BlackElo "2190"]
[PlyCount "148"]
[EventDate "2014.02.16"]
[WhiteTeam "e2e4.org.uk 2"]
[BlackTeam "Celtic Tigers 1"]

1. Nf3 Nf6 2. g3 d5 3. c4 d4 4. Bg2 g6 5. O-O Bg7 6. d3 O-O 7. e3 Nc6 8. exd4
Nxd4 9. Nxd4 Qxd4 10. Nc3 Rd8 11. Nb5 Qxd3 12. Qxd3 Rxd3 13. Nxc7 Rb8 14. Bf4
Nh5 15. Be3 b6 16. Nd5 Bxb2 17. Rad1 Rxd1 18. Rxd1 Ba3 19. c5 bxc5 20. Bh6 Be6
21. Nxe7+ Kh8 22. Nc6 Re8 23. Bd5 Bxd5 24. Rxd5 Nf6 25. Rd3 Bb2 26. Rb3 Ba1 27.
Be3 c4 28. Rb1 Bc3 29. Rc1 Nd5 30. Rxc3 Nxc3 31. Bd4+ Kg8 32. Bxc3 Re2 33. Nxa7
Rxa2 34. Nb5 Kf8 35. Bb4+ Kg7 36. Bc3+ f6 37. Kg2 Kf7 38. Kf3 Ke6 39. Ke3 f5
40. Nc7+ Kd6 41. Ne8+ Kc5 42. Nf6 Ra3 43. Kd2 Ra7 44. h4 h5 45. Ke3 Ra3 46. Kd2
Ra6 47. Ke3 Rd6 48. Kf4 Rd3 49. Be5 c3 50. Kg5 c2 51. Bf4 Rf3 52. Bc1 Rxf2 53.
Kxg6 Rf1 54. Be3+ Kc4 55. Nxh5 Kd3 56. Bg5 Ke4 57. Nf6+ Ke5 58. Nh5 c1=Q 59.
Bxc1 Rxc1 60. Ng7 Rc4 61. Nh5 Rc3 62. Kg5 Ra3 63. Kg6 Ra4 64. Nf4 Ke4 65. h5
Ra3 66. Kf6 Rxg3 67. Ne6 Ra3 68. Ng5+ Kf4 69. h6 Kg4 70. h7 Ra8 71. Ne6 f4 72.
Nxf4 Kxf4 73. Kg7 Ra7+ 74. Kg6 Ra8 1/2-1/2

[Event "4NCL Division 3s"]
[Site "Daventry Court ENG"]
[Date "2014.02.16"]
[Round "6.106"]
[White "Kemp, Peter D"]
[Black "Barnes, Michael H"]
[Result "1/2-1/2"]
[WhiteElo "2152"]
[BlackElo "2205"]
[PlyCount "71"]
[EventDate "2014.02.16"]
[WhiteTeam "Celtic Tigers 1"]
[BlackTeam "e2e4.org.uk 2"]

1. d4 d5 2. c4 c6 3. Nf3 e6 4. e3 f5 5. Nc3 Nf6 6. Be2 Bd6 7. O-O Nbd7 8. Qc2
Ne4 9. Nd2 Qh4 10. f4 Ndf6 11. Nf3 Qh6 12. Bd2 g5 13. Nxe4 Nxe4 14. Ne5 Rg8 15.
Bf3 Bd7 16. Bxe4 dxe4 17. c5 Bc7 18. a4 gxf4 19. exf4 O-O-O 20. Ra3 Be8 21. Be3
Bh5 22. Rf2 Qg7 23. Kf1 Bxe5 24. fxe5 Qg4 25. Rf4 Qd1+ 26. Qxd1 Bxd1 27. Rh4
Rd7 28. Ke1 Bc2 29. Kf2 a5 30. Rc3 Bd3 31. g3 Kc7 32. Rh6 Rg6 33. Rh4 Rg4 34.
Rh6 Rg6 35. Rh4 Rg4 36. Rh6 1/2-1/2

[Event "4NCL Division 3s"]
[Site "Daventry Court ENG"]
[Date "2014.02.16"]
[Round "6.107"]
[White "Mansson, James C"]
[Black "Pedersen, Carsten"]
[Result "0-1"]
[WhiteElo "2107"]
[BlackElo "2141"]
[PlyCount "66"]
[EventDate "2014.02.16"]
[WhiteTeam "e2e4.org.uk 2"]
[BlackTeam "Celtic Tigers 1"]

1. c4 Nc6 2. Nc3 e5 3. g3 g6 4. Bg2 Bg7 5. Rb1 d6 6. b4 a6 7. d3 Rb8 8. e3 Be6
9. Nge2 Qd7 10. Nd5 Nce7 11. Nec3 c6 12. Nb6 Qd8 13. c5 d5 14. d4 e4 15. a4 Nf6
16. b5 axb5 17. axb5 O-O 18. O-O h5 19. f3 exf3 20. Bxf3 Bh3 21. Rf2 Nf5 22.
Ra2 Re8 23. Rba1 Qe7 24. Re2 Ng4 25. Qd3 h4 26. Ncxd5 cxd5 27. Nxd5 Qd8 28. Ra7
hxg3 29. hxg3 Nxg3 30. Nf4 Nxe2+ 31. Bxe2 Qh4 32. Bxg4 Qg3+ 33. Kh1 Bxg4 0-1

[Event "4NCL Division 3s"]
[Site "Daventry Court ENG"]
[Date "2014.02.16"]
[Round "6.108"]
[White "Way, Julian M"]
[Black "Milson, Samuel A"]
[Result "1/2-1/2"]
[WhiteElo "1993"]
[BlackElo "2046"]
[PlyCount "124"]
[EventDate "2014.02.16"]
[WhiteTeam "Celtic Tigers 1"]
[BlackTeam "e2e4.org.uk 2"]

1. c4 e5 2. g3 f5 3. Bg2 Nf6 4. Nc3 Be7 5. d3 O-O 6. Nf3 d6 7. O-O c6 8. Bd2
Nbd7 9. b4 a5 10. a3 Qe8 11. Rb1 Kh8 12. Qc2 h6 13. b5 Bd8 14. bxc6 bxc6 15.
Nh4 Nc5 16. Be3 Ng4 17. Bxc5 dxc5 18. h3 Bxh4 19. hxg4 Be7 20. Rb6 Bd7 21. gxf5
Rxf5 22. Rfb1 h5 23. Qb2 Rf8 24. Ne4 Bd8 25. Rb8 Rxb8 26. Qxb8 h4 27. Qd6 Bf5
28. Rb8 Bxe4 29. Bxe4 hxg3 30. fxg3 Be7 31. Qxe5 Qf7 32. Rxf8+ Bxf8 33. Bxc6
Qf6 34. Qxf6 gxf6 35. Kf2 Kg7 36. Kf3 f5 37. a4 Kf6 38. e4 Ke5 39. Bd5 Bh6 40.
Bb7 f4 41. gxf4+ Bxf4 42. Kg4 Bd2 43. Kh5 Kf6 44. Bd5 Be3 45. Kg4 Ke5 46. Kf3
Bd2 47. Bg8 Bc1 48. Bf7 Bh6 49. Kg4 Be3 50. Bd5 Bd2 51. d4+ cxd4 52. c5 Bb4 53.
c6 Bd6 54. Kf3 Bc7 55. Ke2 Kd6 56. Kd2 Kc5 57. Kc2 Bf4 58. Kd3 Bc7 59. Bc4 Kxc6
60. Kxd4 Kd6 61. e5+ Ke7 62. Kd5 Bb6 1/2-1/2

[Event "4NCL Division 3s"]
[Site "Daventry Court ENG"]
[Date "2014.02.16"]
[Round "6.109"]
[White "Arkell, Nicholas D"]
[Black "Skulte, Christopher"]
[Result "1-0"]
[WhiteElo "1920"]
[BlackElo "1977"]
[PlyCount "65"]
[EventDate "2014.02.16"]
[WhiteTeam "e2e4.org.uk 2"]
[BlackTeam "Celtic Tigers 1"]

1. Nf3 Nf6 2. g3 e6 3. c4 b6 4. Nc3 Bb7 5. Bg2 Be7 6. O-O O-O 7. b3 d5 8. cxd5
Nxd5 9. Nxd5 Bxd5 10. Bb2 Nd7 11. Qc2 c5 12. d3 Rc8 13. Rac1 Qc7 14. Rfd1 Qb7
15. Ne1 Bg5 16. Rb1 Rfd8 17. f4 Bxg2 18. Nxg2 Bf6 19. e4 Qa6 20. e5 Be7 21. Ne3
Nb8 22. f5 exf5 23. Nxf5 Nc6 24. Qe2 Bf8 25. e6 Qb7 26. Nh6+ Kh8 27. Nxf7+ Kg8
28. Nxd8 Rxd8 29. Rf1 Nd4 30. Bxd4 Rxd4 31. Rf7 Qd5 32. Rbf1 Bd6 33. e7 1-0

[Event "4NCL Division 3s"]
[Site "Daventry Court ENG"]
[Date "2014.02.16"]
[Round "6.110"]
[White "Friar, Joseph D"]
[Black "Garnett, John S"]
[Result "0-1"]
[WhiteElo "1646"]
[BlackElo "2005"]
[PlyCount "42"]
[EventDate "2014.02.16"]
[WhiteTeam "Celtic Tigers 1"]
[BlackTeam "e2e4.org.uk 2"]

1. e4 c6 2. d4 d5 3. exd5 cxd5 4. Bd3 Nc6 5. c3 Qc7 6. Ne2 Bg4 7. f3 Bd7 8. O-O
e5 9. dxe5 Nxe5 10. Nd4 Bd6 11. Re1 O-O-O 12. Bf4 Nxf3+ 13. Qxf3 Bxf4 14. g3
Bd6 15. Nd2 Nf6 16. Nf1 h5 17. Rac1 h4 18. Nf5 Bc5+ 19. Nd4 hxg3 20. Nxg3 Ng4
21. Re2 Bxd4+ 0-1

[Event "4NCL Division 3s"]
[Site "Daventry Court ENG"]
[Date "2014.02.16"]
[Round "6.115"]
[White "Fogg, Martin"]
[Black "Dickinson, Tim R"]
[Result "1/2-1/2"]
[WhiteElo "1935"]
[BlackElo "2134"]
[PlyCount "188"]
[EventDate "2014.02.16"]
[WhiteTeam "Anglian Avengers 3"]
[BlackTeam "Oxford 2"]

1. e4 c6 2. d4 d5 3. Nc3 dxe4 4. Nxe4 Nd7 5. Nf3 Ngf6 6. Nxf6+ Nxf6 7. Bd3 Bg4
8. c3 e6 9. h3 Bxf3 10. Qxf3 Qd5 11. Qxd5 cxd5 12. O-O Bd6 13. Re1 Kd7 14. Bd2
Nh5 15. g3 Rac8 16. Rac1 a6 17. c4 dxc4 18. Bxc4 Nf6 19. Kg2 Nd5 20. a3 Rc6 21.
Bd3 Rxc1 22. Rxc1 f5 23. Re1 Be7 24. Bc4 Bf6 25. Bc3 Rc8 26. Bb3 Rc6 27. Bxd5
exd5 28. Kf3 Rc4 29. Ke3 a5 30. Kd3 a4 31. Re2 Rc6 32. Bd2 Rb6 33. Bb4 Re6 34.
Rxe6 Kxe6 35. Bd2 Bd8 36. Bf4 g5 37. Be5 h5 38. f3 g4 39. hxg4 fxg4 40. fxg4
hxg4 41. Kc3 Ba5+ 42. Kc2 Kf5 43. Kd3 Bd8 44. Bf4 Ke6 45. Be5 Kd7 46. Ke3 Bg5+
47. Bf4 Bf6 48. Be5 Bg5+ 49. Bf4 Bd8 50. Be5 Ba5 51. Kd3 Kc6 52. Bf4 Kd7 53.
Be5 b5 54. Bf4 b4 55. axb4 Bxb4 56. Be5 Ke6 57. Bf4 Kf5 58. Be5 Be1 59. Bf4 Kf6
60. Be5+ Ke7 61. Bf4 Kd7 62. Kc2 Kc6 63. Kd3 Kb5 64. Bd6 Ba5 65. Bf4 Be1 66.
Ke2 Bb4 67. Kd3 Kb6 68. Be5 Ka5 69. Bc7+ Ka6 70. Bf4 Kb6 71. Be5 Be1 72. Bf4
Kc6 73. Ke2 Bb4 74. Kd3 Kb5 75. Be5 Be1 76. Bd6 Bf2 77. Kc3 Be3 78. Kd3 Bg5 79.
Kc3 Bd8 80. Kd3 Ba5 81. Bf4 Be1 82. Ke2 Bxg3 83. Bxg3 Kc4 84. Kd2 Kxd4 85. Bf2+
Kc4 86. Kc2 Kb4 87. Bg3 d4 88. Kd3 Kb3 89. Kxd4 Kxb2 90. Ke4 a3 91. Be5+ Kb1
92. Kf4 a2 93. Kxg4 a1=R 94. Bxa1 Kxa1 1/2-1/2

[Event "4NCL Division 3s"]
[Site "Daventry Court ENG"]
[Date "2014.02.16"]
[Round "6.116"]
[White "Miranda, Nicole M"]
[Black "Hall, Antony C"]
[Result "0-1"]
[WhiteElo "1961"]
[BlackElo "1989"]
[PlyCount "72"]
[EventDate "2014.02.16"]
[WhiteTeam "Oxford 2"]
[BlackTeam "Anglian Avengers 3"]

1. c4 c5 2. Nc3 Nf6 3. g3 Nc6 4. Bg2 g6 5. e4 Bg7 6. Nge2 O-O 7. O-O e5 8. d3
d6 9. h3 Be6 10. Be3 Nd4 11. f4 Qc8 12. Kh2 Ne8 13. Qd2 f5 14. Nd5 Bxd5 15.
cxd5 Qd7 16. fxe5 dxe5 17. Rac1 Rc8 18. Rf2 Nd6 19. Nxd4 cxd4 20. Rxc8 Rxc8 21.
Bh6 Bxh6 22. Qxh6 Qg7 23. Qxg7+ Kxg7 24. b3 Rc3 25. Rd2 Kf6 26. Kg1 fxe4 27.
Rf2+ Ke7 28. dxe4 Rxg3 29. Rf3 Nxe4 30. Rxg3 Nxg3 31. Kf2 Nf5 32. Ke2 Kd6 33.
Be4 Ng3+ 34. Kd3 Nxe4 35. Kxe4 h6 36. h4 g5 0-1

[Event "4NCL Division 3s"]
[Site "Daventry Court ENG"]
[Date "2014.02.16"]
[Round "6.117"]
[White "Lamont, Richard"]
[Black "Ludbrook, Matthew"]
[Result "0-1"]
[WhiteElo "1987"]
[BlackElo "2001"]
[PlyCount "36"]
[EventDate "2014.02.16"]
[WhiteTeam "Anglian Avengers 3"]
[BlackTeam "Oxford 2"]

1. e4 e6 2. d4 d5 3. e5 c5 4. c3 Nc6 5. Nf3 f6 6. exf6 Nxf6 7. Bb5 Bd6 8. O-O
O-O 9. Re1 Qc7 10. Bxc6 bxc6 11. Ne5 cxd4 12. cxd4 c5 13. Nc3 Rb8 14. a3 Kh8
15. Qd3 cxd4 16. Qxd4 Ne4 17. Nxd5 exd5 18. Qxd5 Bb7 0-1

[Event "4NCL Division 3s"]
[Site "Daventry Court ENG"]
[Date "2014.02.16"]
[Round "6.119"]
[White "Woodcock, Keith D"]
[Black "Neatherway, A Philip"]
[Result "1/2-1/2"]
[WhiteElo "1665"]
[BlackElo "1862"]
[PlyCount "59"]
[EventDate "2014.02.16"]
[WhiteTeam "Anglian Avengers 3"]
[BlackTeam "Oxford 2"]

1. d4 f5 2. Nc3 d5 3. f3 Nf6 4. Bg5 e6 5. e4 fxe4 6. fxe4 dxe4 7. Nxe4 Be7 8.
Bxf6 Bxf6 9. Nxf6+ Qxf6 10. Nf3 Nc6 11. Bb5 Bd7 12. O-O Qh6 13. Qe2 O-O 14.
Rae1 Rae8 15. c3 Rf6 16. b4 Ref8 17. Bd3 Be8 18. b5 Nd8 19. Qe5 c6 20. a4 Nf7
21. Qc7 Ng5 22. Qxb7 Nxf3+ 23. Rxf3 Rxf3 24. gxf3 Qd2 25. Bxh7+ Kxh7 26. Rf1
Bh5 27. Qxc6 Qe3+ 28. Kg2 Qd2+ 29. Rf2 Qg5+ 30. Kf1 1/2-1/2

[Event "4NCL Division 3s"]
[Site "Daventry Court ENG"]
[Date "2014.02.16"]
[Round "6.125"]
[White "Macdonald-Ross, Michael"]
[Black "Ganger, Rajan"]
[Result "1-0"]
[WhiteElo "2137"]
[BlackElo "1996"]
[PlyCount "93"]
[EventDate "2014.02.16"]
[WhiteTeam "MK Phoenix 1"]
[BlackTeam "e2e4.org.uk 3"]

1. d4 Nf6 2. Nf3 e6 3. e3 Be7 4. Bd3 O-O 5. O-O d5 6. b3 c5 7. Bb2 cxd4 8. exd4
b6 9. Nbd2 Ba6 10. c4 Nbd7 11. Re1 Bb7 12. Rc1 Rc8 13. Bb1 Re8 14. Qe2 Nf8 15.
Ne5 Bd6 16. Ndf3 h6 17. Qe3 Qe7 18. Red1 Rc7 19. Nd3 Rec8 20. Nfe5 N6d7 21.
cxd5 Bxd5 22. Rxc7 Rxc7 23. Nf4 Nf6 24. Nxd5 Nxd5 25. Qf3 Ba3 26. Bxa3 Qxa3 27.
Nc4 Qb4 28. a3 Qc3 29. Be4 Qxf3 30. Bxf3 Nd7 31. g3 N7f6 32. a4 Kf8 33. Kf1 Ke7
34. Ke1 a6 35. Kd2 b5 36. axb5 axb5 37. Ne3 Nc3 38. Ra1 Nfe4+ 39. Ke1 Rd7 40.
Nc2 e5 41. Bg4 Rd8 42. Nb4 Kf6 43. Nc6 Rd5 44. dxe5+ Kg5 45. f3 Rc5 46. h4+ Kg6
47. Ne7+ 1-0

[Event "4NCL Division 3s"]
[Site "Daventry Court ENG"]
[Date "2014.02.16"]
[Round "6.126"]
[White "Denton, John R"]
[Black "Brown, Alan M"]
[Result "1-0"]
[WhiteElo "2021"]
[BlackElo "2093"]
[PlyCount "65"]
[EventDate "2014.02.16"]
[WhiteTeam "e2e4.org.uk 3"]
[BlackTeam "MK Phoenix 1"]

1. d4 Nf6 2. Nf3 e6 3. c4 Bb4+ 4. Bd2 Qe7 5. g3 Nc6 6. Bg2 Bxd2+ 7. Nbxd2 d6 8.
O-O O-O 9. e4 e5 10. d5 Nb8 11. b4 Bg4 12. Qc2 Bxf3 13. Bxf3 Nbd7 14. Rfc1 a5
15. a3 axb4 16. axb4 b6 17. Ra4 Rfb8 18. Rca1 Qd8 19. Qa2 Rxa4 20. Qxa4 Nf8 21.
Bd1 Qd7 22. Qxd7 N8xd7 23. Ra7 Rc8 24. Ba4 Kf8 25. Bb5 Nb8 26. Ra8 Ke7 27. f3
Kd8 28. Kf2 c6 29. dxc6 Ne8 30. f4 f6 31. Ke3 Nc7 32. Ra7 Ne8 33. Rd7+ 1-0

[Event "4NCL Division 3s"]
[Site "Daventry Court ENG"]
[Date "2014.02.16"]
[Round "6.127"]
[White "Fraser-Mitchell, Jeremy N"]
[Black "Taylor, Dale C"]
[Result "1/2-1/2"]
[WhiteElo "2059"]
[BlackElo "1939"]
[PlyCount "78"]
[EventDate "2014.02.16"]
[WhiteTeam "MK Phoenix 1"]
[BlackTeam "e2e4.org.uk 3"]

1. d4 Nf6 2. c4 e6 3. Nc3 Bb4 4. f3 d5 5. a3 Bxc3+ 6. bxc3 c5 7. cxd5 Nxd5 8.
dxc5 O-O 9. e4 Nf6 10. Be3 Qa5 11. Qb3 Na6 12. Bxa6 Qxa6 13. Ne2 e5 14. Kf2 Be6
15. Qb4 Qc6 16. Rab1 Rab8 17. Rhd1 Rfc8 18. Qa5 a6 19. Rd6 Qc7 20. Qxc7 Rxc7
21. Rxa6 Nd7 22. Ra7 Nxc5 23. Bxc5 Rxc5 24. Rbxb7 Rxb7 25. Rxb7 g6 26. Rb1 Bc4
27. Rc1 Rb5 28. Rc2 Ra5 29. Nc1 Rxa3 30. Ke3 f6 31. g3 Kf7 32. Nd3 Ke6 33. f4
h5 34. Ne1 Ra1 35. Kd2 exf4 36. gxf4 g5 37. fxg5 fxg5 38. Rb2 Ke5 39. Rb4 Ra2+
1/2-1/2

[Event "4NCL Division 3s"]
[Site "Daventry Court ENG"]
[Date "2014.02.16"]
[Round "6.128"]
[White "Truman, Richard G"]
[Black "Smith, Graham M"]
[Result "0-1"]
[WhiteElo "1963"]
[BlackElo "2042"]
[PlyCount "82"]
[EventDate "2014.02.16"]
[WhiteTeam "e2e4.org.uk 3"]
[BlackTeam "MK Phoenix 1"]

1. d4 Nf6 2. c4 e6 3. Nc3 Bb4 4. e3 b6 5. Nge2 Ne4 6. f3 Nxc3 7. bxc3 Be7 8.
Ng3 Bh4 9. e4 Nc6 10. Bd3 Ba6 11. O-O Bxg3 12. hxg3 Na5 13. Qe2 d6 14. f4 Qd7
15. a4 O-O-O 16. c5 Bxd3 17. Qxd3 dxc5 18. Qa6+ Kb8 19. dxc5 Qd3 20. Qxd3 Rxd3
21. cxb6 axb6 22. Rf3 Rhd8 23. Ba3 Nc4 24. Be7 Rxf3 25. gxf3 Rd3 26. Bf8 g6 27.
Bg7 Rxf3 28. Rd1 Rxg3+ 29. Kf2 Rg2+ 30. Kxg2 Ne3+ 31. Kf3 Nxd1 32. f5 Nb2 33.
fxe6 fxe6 34. Kf4 Kc8 35. Kg5 Kd7 36. Kh6 Nxa4 37. Kxh7 g5 38. Kg6 g4 39. Be5
g3 40. Bxg3 Nxc3 41. e5 b5 0-1

[Event "4NCL Division 3s"]
[Site "Daventry Court ENG"]
[Date "2014.02.16"]
[Round "6.129"]
[White "Freeman, Richard CP"]
[Black "Nwachukwu, Chino"]
[Result "1-0"]
[WhiteElo "2029"]
[BlackElo "1911"]
[PlyCount "121"]
[EventDate "2014.02.16"]
[WhiteTeam "MK Phoenix 1"]
[BlackTeam "e2e4.org.uk 3"]

1. d4 Nf6 2. Bg5 Ne4 3. Bf4 d5 4. Nd2 e6 5. Nxe4 dxe4 6. f3 Bd6 7. Bxd6 cxd6 8.
Qd2 O-O 9. fxe4 Qh4+ 10. g3 Qxe4 11. Nf3 Qd5 12. Bg2 Nc6 13. O-O Qa5 14. Qxa5
Nxa5 15. Nd2 Bd7 16. c3 Bb5 17. Rf2 Nc4 18. Nxc4 Bxc4 19. e3 Rab8 20. Bf1 b5
21. Rc2 Rfc8 22. b3 Bxf1 23. Kxf1 d5 24. Rac1 g6 25. Ke2 Kg7 26. Kd3 f5 27. c4
bxc4+ 28. bxc4 Rxc4 29. Rxc4 dxc4+ 30. Rxc4 Rb7 31. Kc3 Kf6 32. Rb4 Rd7 33. a4
g5 34. h3 h5 35. Rb5 Rc7+ 36. Rc5 Rxc5+ 37. dxc5 Ke5 38. Kb4 h4 39. gxh4 g4 40.
hxg4 fxg4 41. h5 Kf6 42. c6 g3 43. c7 g2 44. c8=Q g1=Q 45. Qf8+ Ke5 46. Qf4+
Kd5 47. Qc4+ Kd6 48. Qc5+ Kd7 49. Qxa7+ Ke8 50. Qb8+ Ke7 51. Qc7+ Ke8 52. h6
Qb1+ 53. Ka5 Qe1+ 54. Ka6 Qe2+ 55. Kb7 Kf8 56. h7 Qf3+ 57. Kb8 Qh3 58. h8=R+
Qxh8 59. Qd8+ Kg7 60. Qxh8+ Kxh8 61. a5 1-0

[Event "4NCL Division 3s"]
[Site "Daventry Court ENG"]
[Date "2014.02.16"]
[Round "6.135"]
[White "Piper, Stephen J"]
[Black "Amato, Giampiero"]
[Result "1-0"]
[WhiteElo "2052"]
[BlackElo "2019"]
[PlyCount "115"]
[EventDate "2014.02.16"]
[WhiteTeam "The Rookies"]
[BlackTeam "BCM Rhinos (2)"]

1. g3 c5 2. c4 Nc6 3. Bg2 g6 4. Nc3 Bg7 5. e4 e6 6. Nge2 Nge7 7. O-O O-O 8. d3
d6 9. Be3 Nd4 10. Qd2 a6 11. Bh6 Nec6 12. Bxg7 Kxg7 13. f4 f5 14. Rae1 Rb8 15.
b3 Bd7 16. Rf2 b5 17. Nxd4 Nxd4 18. Ne2 Qf6 19. Nxd4 Qxd4 20. Qe3 Qxe3 21. Rxe3
Bc6 22. exf5 Bxg2 23. Kxg2 exf5 24. Re6 Rf6 25. Re7+ Rf7 26. Re6 Rf6 27. Rfe2
Rb7 28. Re8 Rf8 29. R2e6 Rxe8 30. Rxe8 h6 31. Ra8 Rb6 32. Kf3 Kf6 33. a4 bxa4
34. bxa4 Ke6 35. a5 Rc6 36. Rg8 Kf7 37. Rb8 Ke6 38. h3 h5 39. g4 fxg4+ 40. hxg4
hxg4+ 41. Kxg4 Rc7 42. Kg5 Rh7 43. Kxg6 Rh3 44. Re8+ Kd7 45. Ra8 Rxd3 46. Rxa6
Ke6 47. f5+ Ke5 48. Rc6 Rg3+ 49. Kf7 Kxf5 50. Rxd6 Ke5 51. Rd5+ Ke4 52. Rxc5
Kd4 53. Rc6 Rg5 54. a6 Rh5 55. Ke7 Kc3 56. Kd6 Kb4 57. Kc7 Ka5 58. a7 1-0

[Event "4NCL Division 3s"]
[Site "Daventry Court ENG"]
[Date "2014.02.16"]
[Round "6.136"]
[White "Fegan, Chris"]
[Black "Compton, Alistair"]
[Result "1-0"]
[WhiteElo "2046"]
[BlackElo "2105"]
[PlyCount "65"]
[EventDate "2014.02.16"]
[WhiteTeam "BCM Rhinos (2)"]
[BlackTeam "The Rookies"]

1. d4 d5 2. e3 Nf6 3. Bd3 e6 4. f4 c5 5. c3 Nc6 6. Nf3 Bd6 7. O-O O-O 8. Ne5
Qc7 9. Nd2 b6 10. Rf3 Ne7 11. Rh3 g6 12. g4 Bb7 13. g5 Ne4 14. Bxe4 dxe4 15.
Ng4 Kg7 16. Nf6 h5 17. Ndxe4 Rad8 18. Ng3 Qc6 19. e4 cxd4 20. cxd4 Rh8 21. Be3
Nf5 22. Nxf5+ exf5 23. d5 Qb5 24. a4 Qb4 25. Bd4 Bc5 26. Rd3 fxe4 27. Nxe4+
Bxd4+ 28. Rxd4 Qxb2 29. Rb1 Qa2 30. Rb3 Rc8 31. Nc3 Rxc3 32. Rxc3 Re8 33. Rd2
1-0

[Event "4NCL Division 3s"]
[Site "Daventry Court ENG"]
[Date "2014.02.16"]
[Round "6.137"]
[White "Jones, Christopher M"]
[Black "Scrimgour, Alan"]
[Result "1/2-1/2"]
[WhiteElo "2079"]
[BlackElo "2030"]
[PlyCount "58"]
[EventDate "2014.02.16"]
[WhiteTeam "The Rookies"]
[BlackTeam "BCM Rhinos (2)"]

1. e4 c5 2. c3 Nf6 3. e5 Nd5 4. d4 cxd4 5. Nf3 e6 6. cxd4 d6 7. Bc4 Nc6 8. O-O
Be7 9. Qe2 O-O 10. Nc3 Nxc3 11. bxc3 dxe5 12. dxe5 Qa5 13. Qe4 Qa4 14. Bg5 h6
15. Bxe7 Nxe7 16. Rab1 Rb8 17. Rb4 Qc6 18. Qd3 Qc7 19. Bb3 Rd8 20. Rd4 Rxd4 21.
cxd4 Bd7 22. Nd2 a6 23. Rd1 Bb5 24. Qf3 Bc6 25. Qg4 Rd8 26. Ne4 Bxe4 27. Qxe4
Qc6 28. Qh4 Rd7 29. h3 Qc3 1/2-1/2

[Event "4NCL Division 3s"]
[Site "Daventry Court ENG"]
[Date "2014.02.16"]
[Round "6.138"]
[White "Foley, John P"]
[Black "Jaszkiwskyj, Peter"]
[Result "1/2-1/2"]
[WhiteElo "2036"]
[BlackElo "1955"]
[PlyCount "69"]
[EventDate "2014.02.16"]
[WhiteTeam "BCM Rhinos (2)"]
[BlackTeam "The Rookies"]

1. d4 d5 2. Nf3 Nf6 3. g3 c6 4. Bg2 Bf5 5. O-O e6 6. c4 h6 7. Nc3 Nbd7 8. cxd5
exd5 9. a3 Bd6 10. b4 O-O 11. b5 Nb6 12. a4 Nc4 13. Nd2 Nxd2 14. Qxd2 Bb4 15.
Ba3 Qa5 16. Bxb4 Qxb4 17. Ne4 Qxd2 18. Nxd2 Rfe8 19. e3 cxb5 20. axb5 Bd3 21.
Rfc1 Bxb5 22. Rab1 Bc6 23. Nb3 a5 24. Nc5 Ra7 25. Rb6 a4 26. Rcb1 a3 27. Kf1
Rea8 28. Ke1 a2 29. Ra1 Ra5 30. Kd2 Rb5 31. Rxb5 Bxb5 32. Nxb7 Ra6 33. Nc5 Ra8
34. Bf3 Kf8 35. Be2 1/2-1/2

[Event "4NCL Division 3s"]
[Site "Daventry Court ENG"]
[Date "2014.02.16"]
[Round "6.140"]
[White "Bass, John W"]
[Black "Ressel, Eva"]
[Result "1-0"]
[WhiteElo "2029"]
[BlackElo "1529"]
[PlyCount "99"]
[EventDate "2014.02.16"]
[WhiteTeam "BCM Rhinos (2)"]
[BlackTeam "The Rookies"]

1. d4 Nf6 2. c4 e6 3. Nc3 b6 4. Bg5 Bb7 5. e3 h6 6. Bh4 c5 7. Nf3 Be7 8. Be2
O-O 9. O-O d5 10. Rc1 Nbd7 11. cxd5 Nxd5 12. Bg3 Rc8 13. Qa4 a6 14. Nxd5 exd5
15. Ne5 Nxe5 16. Bxe5 Bf6 17. Bxf6 Qxf6 18. dxc5 Qxb2 19. Rc2 Qf6 20. Rb1 Qc6
21. Qxc6 Rxc6 22. Rxb6 Rxb6 23. cxb6 Rc8 24. Rxc8+ Bxc8 25. Bf3 Bb7 26. Kf1 Kf8
27. Ke2 Ke7 28. Kd3 Kd6 29. Kd4 a5 30. h4 f5 31. g3 g5 32. hxg5 hxg5 33. Bd1
Kc6 34. Bb3 Kd6 35. Bc2 Bc8 36. Bd3 Kc6 37. Ke5 Kxb6 38. Kxd5 a4 39. a3 Bb7+
40. Ke5 g4 41. Bxf5 Bf3 42. Kd6 Kb5 43. Bd3+ Kb6 44. e4 Bg2 45. e5 Bf3 46. e6
Bc6 47. Bg6 Kb5 48. e7 Kc4 49. Kxc6 Kb3 50. e8=Q 1-0

[Event "4NCL Division 3s"]
[Site "Daventry Court ENG"]
[Date "2014.02.16"]
[Round "6.147"]
[White "Mercs, Peter J"]
[Black "Lea, Daniel J"]
[Result "1-0"]
[WhiteElo "2060"]
[BlackElo "1952"]
[PlyCount "99"]
[EventDate "2014.02.16"]
[WhiteTeam "Ashfield-Breadsall"]
[BlackTeam "3Cs 2"]

1. e4 e6 2. d4 d5 3. Nd2 Nf6 4. e5 Nfd7 5. Bd3 c5 6. c3 Nc6 7. Ne2 cxd4 8. cxd4
f6 9. exf6 Nxf6 10. Nf3 Bd6 11. O-O Qc7 12. Bg5 O-O 13. Rc1 Ne4 14. Bh4 Bf4 15.
Nxf4 Qxf4 16. Bxe4 Qxe4 17. Re1 Qg4 18. Bg3 Bd7 19. Rc3 Rac8 20. Qd2 Qg6 21.
Bd6 Rf5 22. Nh4 Qg5 23. Qxg5 Rxg5 24. f4 Rh5 25. Nf3 Rf5 26. Rec1 Rd8 27. b4
Be8 28. Bc7 Rd7 29. Be5 Rd8 30. g3 h6 31. a3 a6 32. h3 Kf8 33. Kg2 Kg8 34. Bc7
Rd7 35. Bb6 Bg6 36. a4 Rf8 37. b5 axb5 38. axb5 Nd8 39. Ne5 Be4+ 40. Kg1 Rdf7
41. Bxd8 Rxd8 42. Nxf7 Kxf7 43. Rc7+ Kf6 44. Rxb7 Ra8 45. Rcc7 Ra1+ 46. Kf2
Ra2+ 47. Ke3 Ra3+ 48. Kd2 g5 49. Rf7+ Kg6 50. g4 1-0

[Event "4NCL Division 3s"]
[Site "Daventry Court ENG"]
[Date "2014.02.16"]
[Round "6.148"]
[White "Lau, Jason"]
[Black "Burke, Steven J"]
[Result "1/2-1/2"]
[WhiteElo "1785"]
[BlackElo "2000"]
[PlyCount "63"]
[EventDate "2014.02.16"]
[WhiteTeam "3Cs 2"]
[BlackTeam "Ashfield-Breadsall"]

1. e4 c5 2. Nf3 d6 3. Bb5+ Nd7 4. d4 cxd4 5. Qxd4 e5 6. Qd3 Be7 7. Nc3 Ngf6 8.
a4 O-O 9. h3 Nc5 10. Qe2 Be6 11. Bc4 Bxc4 12. Qxc4 Rc8 13. Qe2 a6 14. O-O Ne6
15. Rd1 Qc7 16. Bg5 Nxg5 17. Nxg5 Qc4 18. Qe3 Qc5 19. Qxc5 Rxc5 20. Nf3 Rc4 21.
Nd2 Rc6 22. Nf1 Rfc8 23. Ne3 Bf8 24. g4 h6 25. Kg2 g6 26. f3 Be7 27. Rd2 Kf8
28. Rad1 Ne8 29. Ncd5 Bg5 30. c3 Nc7 31. Rd3 Ne6 32. b4 1/2-1/2

[Event "4NCL Division 3s"]
[Site "Daventry Court ENG"]
[Date "2014.02.16"]
[Round "6.149"]
[White "Taylor, Robert P"]
[Black "Gittens, Nathan L"]
[Result "1/2-1/2"]
[WhiteElo "1902"]
[BlackElo "1850"]
[PlyCount "85"]
[EventDate "2014.02.16"]
[WhiteTeam "Ashfield-Breadsall"]
[BlackTeam "3Cs 2"]

1. d4 d5 2. Bg5 h6 3. Bh4 c6 4. e3 Qb6 5. Qc1 Bf5 6. Nd2 Nd7 7. Ngf3 Ngf6 8. c4
e6 9. c5 Qd8 10. b4 Be7 11. a4 Ne4 12. Bxe7 Qxe7 13. Nxe4 Bxe4 14. Be2 O-O 15.
O-O e5 16. Re1 Bh7 17. b5 Rab8 18. Qc3 e4 19. Nd2 Qd8 20. Rab1 f5 21. bxc6 bxc6
22. Rxb8 Nxb8 23. Rb1 f4 24. Rb7 Qf6 25. exf4 g5 26. Qg3 Qxf4 27. Nf1 Bf5 28.
Ne3 Be6 29. Qxf4 gxf4 30. Ng4 f3 31. Nxh6+ Kh8 32. gxf3 exf3 33. Bd3 Nd7 34.
Rxa7 Rf4 35. Nf5 Bxf5 36. Bxf5 Rxd4 37. h3 Nxc5 38. Rc7 Rxa4 39. Rxc6 Rf4 40.
Bg6 Nd7 41. Rd6 Ne5 42. Kh2 Kg7 43. Kg3 1/2-1/2

[Event "4NCL Division 3s"]
[Site "Daventry Court ENG"]
[Date "2014.02.16"]
[Round "6.155"]
[White "Delay, Guillaume"]
[Black "Graham, David B"]
[Result "0-1"]
[WhiteElo "2047"]
[BlackElo "2157"]
[PlyCount "114"]
[EventDate "2014.02.16"]
[WhiteTeam "Bristol University"]
[BlackTeam "Sussex Smart Survivors 1"]

1. e4 e6 2. d4 d5 3. Nd2 Nf6 4. e5 Nfd7 5. c3 c5 6. Bd3 Nc6 7. Ne2 cxd4 8. cxd4
f6 9. exf6 Qxf6 10. Nf3 Bb4+ 11. Bd2 Bxd2+ 12. Qxd2 O-O 13. O-O e5 14. dxe5
Ndxe5 15. Ned4 Bg4 16. Nxe5 Nxe5 17. Rac1 Qf4 18. Rc2 Rac8 19. Bb5 Rxc2 20.
Qxf4 Rxf4 21. Nxc2 d4 22. Nb4 a6 23. Nd3 Nxd3 24. Bxd3 Rf6 25. f3 Bf5 26. Rd1
Bxd3 27. Rxd3 Rd6 28. Kf2 Kf7 29. Ke2 Ke6 30. Rb3 b5 31. h4 Kd5 32. h5 Kc4 33.
Rd3 Re6+ 34. Kd2 Rh6 35. g4 g6 36. b3+ Kd5 37. hxg6 Rh2+ 38. Kc1 hxg6 39. Rd2
Rxd2 40. Kxd2 Ke5 41. a4 Kf4 42. axb5 axb5 43. b4 Kxf3 44. Kd3 Kxg4 45. Kxd4
Kf5 46. Kc5 g5 47. Kxb5 g4 48. Ka6 g3 49. b5 g2 50. b6 g1=Q 51. b7 Qg3 52. Ka7
Qc7 53. Ka8 Qa5+ 54. Kb8 Ke6 55. Kc8 Qc5+ 56. Kd8 Qb6+ 57. Kc8 Qc6+ 0-1